000 00501nam a2200181Ia 4500
005 20250923144504.0
008 008 250917s9999 xx 000 0 eng d
037 _aTextual
040 _aDSWL
_beng
_cDSWL
041 _aeng
_2eng
084 _qDSWL
245 0 _apart I-B subsidiary tables, Assam,Manipur & Tripura
_cby Census of India 1954
260 _aBombay
_bMuncipal Printing Press
_c1953
300 _avi,225p.
490 _vVol-XII
942 _cTEXL
999 _c1439520
_d1439520